| 000 | 01236nam a2200229Ia 4500 | ||
|---|---|---|---|
| 001 | 15880 | ||
| 003 | GE_BSU | ||
| 008 | 181216s||||||||xx |||||||||||||| ||und|| | ||
| 040 | _cGE_BSU | ||
| 080 | _a821.353.1-1 | ||
| 100 | _aჭავჭავაძე, ი. (ილია, 1837-1907) | ||
| 245 | _aლექსები, პოემები, მოთხრობები | ||
| 245 | _cწინასიტყვ. ავტ.: შ. რადიანი ; რედ.: შ. რადიანი, ა. აბაშელი. | ||
| 260 | _aთბილისი | ||
| 260 | _bსახელგამი | ||
| 260 | _c1937 | ||
| 300 | _a584 გვ. 22 სმ | ||
| 300 | _eბიბლიოგრაფია: ლიტერატურა წანართის შენიშვნებში. | ||
| 520 | _aი. ჭავჭავაძის ფერადი სურათი გ. გაბაშვილი. - შმუცტიტულები: ა. გრიგოლია. - ტიტული: ნ. ჩერნიშკოვი. - გარეკანი: ზ. გორდეზიანი. | ||
| 653 | _aლექსები, პოემები, მოთხრობები | ||
| 942 | _cBK | ||
| 999 |
_c48975 _d48975 |
||